000 00884nam a2200253Ia 4500
003 OSt
005 20221005105123.0
006 a|||||r|||| 00| 0
007 ta
008 221004b |||||||| |||| 00| 0 hin d
024 _a107845
037 _cTextual
040 _aCRL
_cCRL
_bhin
041 _2hin
_ahin
082 _aO152,1:gJ, K4
100 _aतिवारी, सियाराम
245 0 _aहिन्दी के मध्यकालीन खण्डकाव्य
246 _aHindī ke madhyakālīn khaṇḍakāvya
260 _aदिल्ली
_bहिन्दी साहित्य संसार भारत
_c1964
300 _a440पृ0
_ccm.
650 _aहिन्दी साहित्य
942 _hO152,1:gJ, K4
_cTEXL
_2cc
999 _c1014823
_d1014823